Datum a čas kvízu
33
Celkem bodů
Celkový počet nahraných bodů na tomto kvízu bez doplňovacích otázek.
2.
Pořadí na kvízu
Konečné umístění týmu na tomto kvízu.
Zaznamenané odpovědi
| # | Otázka | Odpověď | Body | Výsledky |
|---|---|---|---|---|
| 1. | Ti, kteří se pořádně zaměřili... | Bureši, čaú | 1 | |
| 2. | Na výročí Světového dne metrol... | Max Planck | 0 | |
| 3. | Zlínský filmový festival minul... | kybernetický útok | 1 | |
| 4. | Mobilní operátor Vodafone minu... | účtování hovorů po minutách | 0 | |
| 5. | V pondělí nás opustil Niki Lau... | Laudamotion, Niki | 0.5 | |
| 6. | Jakou barvu má pruh, který je... | bílou | 1 | |
| 7. | Jaká barva kromě zelené a bílé... | žádná | 0 | |
| 8. | Na thajské vlajce nenajdeme pr... | C | 1 | |
| 9. | Slovinskou vlajku tvoří znak v... | prostřední | 1 | |
| 10. | Uveďte barvy pruhů na vlajce B... | černý, žlutý, červený | 1 |